000 01288nam0a22002771 4500
001 rc\2603177
005 20250623131908.0
035 _a(NLR Aleph) 006767211
090 _a5906402
_c5906402
100 _a20110914d1930 |||y0rusy50 ca
101 0 _arus
102 _aRU
105 _ay z |||||
200 1 _aК вопросу о культивировании гонококка при бактериологической диагностики гонорреи
_e(Из Гос. Краевого института микробиологии и эпидемиологии Ю.-В. РСФСР, Директор проф. С. М. Никаноров)
_fС. Шеришорина
210 _aСаратов
_cтип. № 2 Крайполиграфпрома
_d[1930]
215 _a10 с.
_d25 см.
300 _aРезюме на англ. языке
300 _aБез тит. л. и обл.
300 _aОтд. отт. из журн. "Вестник микробиологии, эпидемиологии и паразитологии". Том VIII. Вып. 4, 1929
320 _aБиблиография: 23 назв.
700 1 _aШеришорина
_bС.
801 0 _aRU
_bNLR
_gpsbo
801 1 _aRU
_bELAR
_2rusmarc
852 _aNLR
_j30.12/928
942 _cBOOK
980 _aNB